| 000 | 01485nam2a2200349 4500 | ||
|---|---|---|---|
| 001 | RU\NLR\bibl\1190872 | ||
| 005 | 20250615095258.0 | ||
| 010 | _a978-5-275-01479-2 | ||
| 010 | _a978-5-275-01476-1 | ||
| 021 |
_aRU _b2007-92981 _95023 |
||
| 035 | _a(NLR Aleph) 001177426 | ||
| 090 |
_a1635855 _c1635855 |
||
| 100 | _a20080220d2007 |||y0rusy50 ca | ||
| 101 | 1 |
_arus _cger |
|
| 102 | _aRU | ||
| 105 | _aa ||||||||| | ||
| 200 | 1 | _aПресмыкающиеся, земноводные, рыбы, беспозвоночные | |
| 215 |
_a459, XXXIV с. _cил. |
||
| 461 | 0 |
_1001RU\NLR\bibl\1223087 _12001#$aЖизнь животных$vТ. 3 _968635 _aБрем, А. Э. (1829-1884) _cМосква _d2007 _fА.Э. Брэм _nТерра-Книжный клуб _oобработано для юношества по последнему немецкому изданию : в 3 т. _tЖизнь животных _vТ. 3 |
|
| 606 | 1 |
_aПресмыкающиеся _xЭкология _92382223 _3RU\NLR\auth\661421236 |
|
| 606 | 1 |
_aЗемноводные _xЭкология _92382221 _3RU\NLR\auth\661421235 |
|
| 606 | 1 |
_aРыбы _xЭкология _91129520 _3RU\NLR\auth\66129104 |
|
| 606 | 1 |
_aБеспозвоночные _xЭкология _92213584 _3RU\NLR\auth\661329638 |
|
| 686 | _aЕ681.923 | ||
| 686 | _aЕ681.922 | ||
| 686 | _aЕ681.921 | ||
| 686 | _aЕ681.91 | ||
| 801 | 0 |
_aRU _bNLR _c20080220 _gRCR |
|
| 801 | 1 |
_aRU _bNLR _c20080220 |
|
| 942 | _cBOOK | ||
| 980 | _aNB | ||